Supply chain management : (Record no. 20558)

MARC details
000 -LEADER
fixed length control field 00458nam a22001697a 4500
003 - CONTROL NUMBER IDENTIFIER
control field OSt
008 - FIXED-LENGTH DATA ELEMENTS--GENERAL INFORMATION
fixed length control field 240522b2012 |||||||| |||| 00| 0 eng d
020 ## - INTERNATIONAL STANDARD BOOK NUMBER
International Standard Book Number 9788131760994
082 ## - DEWEY DECIMAL CLASSIFICATION NUMBER
Classification number 658.7
Item number SOP-S
100 ## - MAIN ENTRY--PERSONAL NAME
Personal name Sople, V. V.
245 ## - TITLE STATEMENT
Title Supply chain management :
Remainder of title text and cases /
Statement of responsibility, etc V. V. Sople.
260 ## - PUBLICATION, DISTRIBUTION, ETC. (IMPRINT)
Place of publication, distribution, etc Chennai :
Name of publisher, distributor, etc Pearson,
Date of publication, distribution, etc 2012.
300 ## - PHYSICAL DESCRIPTION
Extent / Pages xx, 534 p. ;
650 ## - SUBJECT ADDED ENTRY--TOPICAL TERM
Topical term or geographic name as entry element Operations Management
650 ## - SUBJECT ADDED ENTRY--TOPICAL TERM
Topical term or geographic name as entry element Business logistics
942 ## - ADDED ENTRY ELEMENTS (KOHA)
Source of classification or shelving scheme
Koha item type Books
942 ## - ADDED ENTRY ELEMENTS (KOHA)
-- 4
Holdings
Withdrawn status Lost status Source of classification or shelving scheme Damaged status Not for loan Home library Current library Date acquired Source of acquisition Currency Cost, normal purchase price Full call number Barcode Date last seen Copy number Bill Date Koha item type Bill Number Total Checkouts Total Renewals Date last borrowed
          SOBD Library SOBD Library 11/04/2024 Vedi Books INR 620.00 658.7 SOP-S1 005816 09/11/2024 1   Reference Books VEDI/24-25/04/12      
          SOBD Library SOBD Library 11/04/2024 Vedi Books INR 620.00 658.7 SOP-S2 005817 22/05/2024 2   Books VEDI/24-25/04/12      
          SOBD Library SOBD Library 11/04/2024 Vedi Books INR 620.00 658.7 SOP-S3 005818 22/05/2024 3   Books VEDI/24-25/04/12      
          SOBD Library SOBD Library 11/04/2024 Vedi Books INR 620.00 658.7 SOP-S4 005819 25/11/2024 4   Books VEDI/24-25/04/12 3 1 09/11/2024
          SOBD Library SOBD Library 11/04/2024 Vedi Books INR 620.00 658.7 SOP-S5 005820 29/01/2026 5   Books VEDI/24-25/04/12 1   12/01/2026
          SOBD Library SOBD Library 11/04/2024 Vedi Books INR 620.00 658.7 SOP-S6 005821 22/05/2024 6   Books VEDI/24-25/04/12      
Hosted, Implemented, Customized & Maintained by: BestBookBuddies

Powered by Koha